| 000 | 00993nam a2200289 i 4500 | ||
|---|---|---|---|
| 001 | 19398 | ||
| 003 | ES-MaACL | ||
| 005 | 20250812062558.0 | ||
| 007 | t| | ||
| 008 | 020806s2002 sp ||||1| spa d | ||
| 020 | _a84-8307-447-8 | ||
| 080 | _a7(04) | ||
| 080 | _a821.111-4"19" | ||
| 100 | 1 |
_aSchama, Simon. _9104226 |
|
| 245 | 1 | 0 |
_aConfesiones y encargos _b: ensayos de arte / _cSimon Schama ; [selección y] prólogo de José Enrique Ruiz-Domènec ; traducción de Almudena Blasco. |
| 250 | _a1ª ed. | ||
| 260 |
_aBarcelona : _bPenínsula, _c2002. |
||
| 300 |
_a267 p. ; _c23 cm. |
||
| 490 | 1 |
_aAtalaya ; _v89 |
|
| 500 | _aRecoge artículos publicados entre 1991 y 1999, en The New Yorker, The New York Times y The New York Times Magazine. | ||
| 650 | 1 | 7 |
_aArte _2embne _910068 |
| 700 | 1 |
_aRuiz-Domènec, José Enrique. _9100787 |
|
| 700 | 1 |
_aBlasco, Almudena. _929362 |
|
| 830 | 0 |
_aAtalaya ; _v89 _9180261 |
|
| 852 |
_aES-MaACL _jL-25831 _bR.131656 |
||
| 999 |
_c19398 _d19398 |
||